| 000 | 01336cam a22003734a 4500 | ||
|---|---|---|---|
| 001 | 15670832 | ||
| 003 | OSt | ||
| 005 | 20150408114158.0 | ||
| 008 | 090320s2009 flua b 001 0 eng | ||
| 010 | _a 2009011787 | ||
| 015 |
_aGBA923086 _2bnb |
||
| 015 |
_aGBA957873 _2bnb |
||
| 016 | 7 |
_a014921215 _2Uk |
|
| 016 | 7 |
_a015287592 _2Uk |
|
| 016 | 7 |
_a101499712 _2DNLM |
|
| 020 | _a9781420075823 (pbk. : alk. paper) | ||
| 020 | _a1420075829 (pbk. : alk. paper) | ||
| 035 | _a(OCoLC)ocn312626505 | ||
| 040 |
_aDNLM/DLC _cDLC _dYDX _dBTCTA _dBAKER _dYDXCP _dUKM _dCDX _dNLM _dDLC |
||
| 042 | _apcc | ||
| 050 | 0 | 0 |
_aR857.M3 _bX53 2009 |
| 082 | 0 | 0 |
_a610.284 _222 _bXWL |
| 100 | 1 |
_aXian, Wujing. _941078 |
|
| 245 | 1 | 2 |
_aA laboratory course in biomaterials / _cWujing Xian. |
| 260 |
_aBoca Raton, FL : _bCRC Press/Taylor & Francis, _cc2009. |
||
| 300 |
_axv, 212 p. : _bill. ; _c26 cm. |
||
| 504 | _aIncludes bibliographical references and index. | ||
| 650 | 0 |
_aBiomedical materials _vLaboratory manuals. _941079 |
|
| 650 | 0 |
_aBiomedical materials _xStudy and teaching. _941080 |
|
| 650 | 1 | 2 |
_aBiomedical Engineering _vLaboratory Manuals. _941081 |
| 906 |
_a7 _bcbc _corignew _d1 _eecip _f20 _gy-gencatlg |
||
| 942 |
_2ddc _cBOOK |
||
| 999 |
_c32644 _d267144 |
||